000 00431nam a2200097Ia 4500
008 180130s9999 xx 000 0 und d
245 _cRopke, Inge
_aEcological macroeconomics: implications for the roles of consumer-citizens
260 _c2013
300 _aBook title: Innovations in sustainable consumption : new economics, socio-technical transitions and social practices--Acession number C17507; pages 48-64
650 _aECONOMICS
999 _c354474
_d354474